Statistics for Iron Man Armours

Click here to take the quiz!

General Stats

  • This quiz has been taken 42 times
  • The average score is 10 of 16

Answer Stats

MovieArmour% Correct
Iron ManMark I
90%
Iron ManMark II
83%
Iron ManMark III
83%
Iron Man 2Mark IV
83%
Iron Man 2Mark V
83%
Iron Man 2Mark VI
83%
AvengersMark VII
83%
Iron Man 3Mark 42
62%
Avengers: Infinity WarBleeding Edge
55%
Avengers: Age of UltronVeronica
55%
Captain America: Civil WarMark XLVI
52%
Avengers: Age of UltronMark 43
45%
Avengers: Age of UltronMark 45
45%
Iron Man 3Heartbreaker
38%
Iron Man 3Igor
38%
Iron Man 3Hot Rod
14%

Score Distribution

Percentile by Number Answered

Percent of People with Each Score

Your Score History

You have not taken this quiz